000 00462nam a22001937a 4500
003 ASAB
005 20180827062304.0
008 120430t xxu||||| |||| 00| 0 eng d
020 _a9780763752224
040 _cASAB
050 _a576.5,LEW
100 _aBenjamin Lewin
_9203
245 _aGenes IX
_cBenjamin Lewin
260 _aLondon
_bJones and Barrlett Pub
300 _a892
440 _aGenes IX
_9204
650 _aGenetics
_9205
942 _2lcc
_cBK
999 _c478945
_d478945